Pavement management, data storage, surface properties, and weigh-in-motion / (Record no. 547546)

000 -LEADER
fixed length control field 02145pam a2200205 a 4500
020 ## - INTERNATIONAL STANDARD BOOK NUMBER
International Standard Book Number 0309039649 (pbk.) :
082 00 - DEWEY DECIMAL CLASSIFICATION NUMBER
Classification number 625.76
Author Mark NAT
245 00 - TITLE STATEMENT
Title Pavement management, data storage, surface properties, and weigh-in-motion /
Statement of responsibility, etc. [editor, Elizabeth W. Kaplan].
260 ## - PUBLICATION, DISTRIBUTION, ETC.
Place of publication, distribution, etc. Washington, D.C. :
Name of publisher, distributor, etc. Transportation Research Board, National Research Council,
Date of publication, distribution, etc. 1985.
300 ## - PHYSICAL DESCRIPTION
Extent iv, 88 p. :
Other physical details ill. ;
Dimensions 28 cm.
505 0# - FORMATTED CONTENTS NOTE
Formatted contents note Developing stochastic flexible pavement distress and serviceability equations / M. Riggins, R.L. Lytton, and A. Garcia-Diaz -- Network sampling to estimate distribution of pavement condition and costs / J. Templeton, R.L. Lytton, and A. Garcia-Diaz -- Optimal pavement management approach using roughness measurements / Benjamin Colucci-Rios and Kumares C. Sinha -- Operation of the Washington state pavement management system / Newt Jackson -- Transportation facilities information system for pavement management / Walter P. Kilareski ... [et al.] -- Computerized pavement performance evaluation data base development for structural adequacy, present serviceability, and distress analysis / Ruben B. Manubay, Charles R. Kerr, and James Obenchain -- Modified reflexpercussive grooves for runways / Satish K. Agrawal and Hector Daiutolo -- Use of noncontact probes in road profiling / German Claros and W.R. Hudson -- Estimation of pavement loading from limited vehicle volume sampling / A.T. Papagianakis and A.T. Bergan -- Estimating lanewise traffic loading on multilane highways from WIM data / Clyde E. Lee and Bahman Izadmehr -- Weighing trucks on axle-load and weigh-in-motion scales / Clyde E. Lee and Randy B. Machemehl -- Application of in-motion weighing using instrumented bridges / Richard E. Snyder and Fred Moses.
526 ## - STUDY PROGRAM INFORMATION NOTE
Program name 0
Interest level 0
Reading level 0
Title point value 625_760000000000000_NAT
650 #0 - SUBJECT ADDED ENTRY--TOPICAL TERM
Topical term or geographic name entry element MCE
9 (RLIN) 379
650 #0 - SUBJECT ADDED ENTRY--TOPICAL TERM
Topical term or geographic name entry element Pavements
General subdivision Live loads
-- Congresses.
9 (RLIN) 43726
650 #0 - SUBJECT ADDED ENTRY--TOPICAL TERM
Topical term or geographic name entry element Pavements
General subdivision Maintenance and repair
-- Congresses.
9 (RLIN) 43727
650 #0 - SUBJECT ADDED ENTRY--TOPICAL TERM
Topical term or geographic name entry element Roads
General subdivision Maintenance and repair
-- Data processing
-- Congresses.
9 (RLIN) 43728
700 1# - ADDED ENTRY--PERSONAL NAME
Personal name Kaplan, Elizabeth W.
9 (RLIN) 43729
710 2# - ADDED ENTRY--CORPORATE NAME
Corporate name or jurisdiction name as entry element National Research Council (U.S.).
9 (RLIN) 20017
942 ## - ADDED ENTRY ELEMENTS (KOHA)
Source of classification or shelving scheme
Koha item type Book
Holdings
Withdrawn status Lost status Source of classification or shelving scheme Damaged status Not for loan Permanent Location Current Location Date acquired Total Checkouts Full call number Barcode Date last seen Price effective from Koha item type
          Military College of Engineering (MCE) Military College of Engineering (MCE) 07/21/2014   625.76 NAT MCE-42318 07/21/2014 03/14/2021 Book
© 2023 Central Library, National University of Sciences and Technology. All Rights Reserved.